Socialistas de élite : (Record no. 194105)

MARC details
000 -LEADER
campo de control de longitud fija 02590nam a2200445 i 4500
001 - NÚMERO DE CONTROL
campo de control 194105
003 - IDENTIFICADOR DE NÚMERO DE CONTROL
campo de control SpMaBN
005 - FECHA Y HORA DE LA ÚLTIMA TRANSACCIÓN
campo de control 20250902082128.0
007 - CAMPO FIJO DE DESCRIPCIÓN FÍSICA--INFORMACIÓN GENERAL
campo de control de longitud fija ta
008 - DATOS DE LONGITUD FIJA--INFORMACIÓN GENERAL
campo de control de longitud fija 240305s2012 sp a | |||| 001 0 spa
017 ## - NÚMERO DE COPYRIGHT O DE DEPÓSITO LEGAL
Número de copyright o de depósito legal M 2006-2012
Agencia que asigna Oficina Depósito Legal Madrid
020 ## - NÚMERO INTERNACIONAL ESTÁNDAR DEL LIBRO
Número Internacional Estándar del Libro 9788499703138
035 ## - NÚMERO DE CONTROL DEL SISTEMA
Número de control de sistema (OCoLC)796231940
040 ## - FUENTE DE CATALOGACIÓN
Centro catalogador/agencia de origen SpMaBN
Lengua de catalogación spa
Centro/agencia transcriptor SpMaBN
Normas de descripción rdc
080 ## - NÚMERO DE LA CLASIFICACIÓN DECIMAL UNIVERSAL
Número de la Clasificación Decimal Universal 929 González Márquez, Felipe
080 ## - NÚMERO DE LA CLASIFICACIÓN DECIMAL UNIVERSAL
Número de la Clasificación Decimal Universal 329(460)
080 ## - NÚMERO DE LA CLASIFICACIÓN DECIMAL UNIVERSAL
Número de la Clasificación Decimal Universal 33:32(460)
080 ## - NÚMERO DE LA CLASIFICACIÓN DECIMAL UNIVERSAL
Número de la Clasificación Decimal Universal 929(460)"19":32
100 ## - ENTRADA PRINCIPAL--NOMBRE DE PERSONA
Nombre de persona Chicote, Javier,
Fechas asociadas al nombre 1979-
Número de control del registro de autoridad o número normalizado XX4660857
9 (RLIN) 235752
245 10 - MENCIÓN DEL TÍTULO
Título Socialistas de élite :
Resto del título Felipe y los felipistas: de Suresnes al club del millón de euros /
Mención de responsabilidad, etc. Javier Chicote.
250 ## - MENCION DE EDICION
Mención de edición 1ª ed. febrero 2012
260 ## - PUBLICACIÓN, DISTRIBUCIÓN, ETC.
Lugar de publicación, distribución, etc. Madrid :
Nombre del editor, distribuidor, etc. La Esfera de los Libros,
Fecha de publicación, distribución, etc. 2012.
300 ## - DESCRIPCIÓN FÍSICA
Extensión 415 p. :
Otras características físicas il. ;
Dimensiones 24 cm
336 ## - TIPO DE CONTENIDO
Término de tipo de contenido Texto (visual)
Fuente isbdcontent
337 ## - TIPO DE MEDIO
Nombre/término del tipo de medio sin mediación
Fuente isbdmedia
338 ## - TIPO DE SOPORTE
Fuente rdacarrier
Nombre/término del tipo de soporte volumen
500 ## - NOTA GENERAL
Nota general Índice
520 ## - RESUMEN, ETC.
Sumario, etc. Felipe González comparó a los expresidentes del Gobierno con un jarrón chino: muy valiosos, pero nadie sabe dónde ponerlos. Con los años, tanto el líder de la generación de políticos socialistas que gobernó entre 1982 y 1996 como sus principales colaboradores han encontrado acomodo en los más altos estantes del poder económico. Están en los consejos de administración de las grandes corporaciones, han creado sus propias empresas y dirigen grupos de presión. Algunos trabajan para más de una decena de empresas y obtienen ingresos que superan el millón de euros anual. La receta de su éxito tiene dos ingredientes: eran grandes profesionales de sus respectivas carreras, a lo que sumaron las influencias cosechadas durante su etapa de gobierno. Son pocos los que no han sucumbido a las grandes ofertas del poder económico: también ellos han sido reflejados en este libro.
600 14 - PUNTO DE ACCESO ADICIONAL DE MATERIA--NOMBRE DE PERSONA
Nombre de persona González Márquez, Felipe,
Fechas asociadas al nombre 1942-
Fuente del encabezamiento o término embne
9 (RLIN) 58780
610 27 - PUNTO DE ACCESO ADICIONAL DE MATERIA--NOMBRE DE ENTIDAD CORPORATIVA
Nombre de entidad corporativa o nombre de jurisdicción como elemento de entrada Partido Socialista Obrero Español
Fuente del encabezamiento o término embne
9 (RLIN) 6155
650 #7 - PUNTO DE ACCESO ADICIONAL DE MATERIA--TÉRMINO DE MATERIA
Término de materia o nombre geográfico como elemento de entrada Negocios y política-
Subdivisión geográfica España
Fuente del encabezamiento o término
9 (RLIN) 169443
650 #7 - PUNTO DE ACCESO ADICIONAL DE MATERIA--TÉRMINO DE MATERIA
Término de materia o nombre geográfico como elemento de entrada Políticos
Subdivisión geográfica España
Fuente del encabezamiento o término embne
9 (RLIN) 136752
852 ## - LOCALIZACIÓN
Ubicación ES-MaACL
Sublocalización o colección R.155084
Ubicación en estantería Depósito J
Número de control de estantería N-9858
Encuadernación Encuadernación rústica con solapas
itemnumber 201793
Donativo/Legado Donacion: José Lázaro García
903 ## - NOMBRE PERSONAL DE DONANTE
9 234219
a Lázaro García, José
e Donante
942 ## - ELEMENTOS DE ENTRADA SECUNDARIOS (KOHA)
Tipo de ítem Koha Libro impreso
Suprimir en OPAC No
Holdings
Estatus retirado Estado de pérdida Fuente del sistema de clasificación o colocación Estado de daño No para préstamo Biblioteca de origen Biblioteca actual Ubicación en estantería Fecha de adquisición Fuente de adquisición Total de préstamos Signatura topográfica completa Código de barras Visto por última vez Precio de reemplazo Tipo de ítem Koha
    Clasificación decimal universal     Biblioteca del Ateneo de Madrid Biblioteca del Ateneo de Madrid Depósito J 19/04/2024 Donación   N-9858 101226987 19/04/2024 19/04/2024 Libro impreso